| 000 | 00664nam a22002175a 4500 | ||
|---|---|---|---|
| 005 | 20151215131448.0 | ||
| 008 | 150819s2014 ii a fr 001 0 eng d | ||
| 020 | _a9789350144763 | ||
| 040 |
_a EG-ScBUE _beng _c EG-ScBUE _d EG-ScBUE |
||
| 082 | 0 | 4 |
_a625.7 _bGOE _222 |
| 100 | 1 |
_aGoel, Alok Kumar. _938923 |
|
| 245 | 1 | 0 |
_aHighway engineering / _cby Alok Kumar Goel. |
| 250 | _a2nd ed. | ||
| 260 |
_aNew Delhi : _bS. K. Kataria & Sons, _c2014. |
||
| 300 |
_a341 p. : _bill. ; _c24 cm. |
||
| 500 | _aIndex : p. 334-341. | ||
| 650 | 0 |
_aHighway engineering. _2BUEsh |
|
| 651 | _2BUEsh | ||
| 653 |
_bENGCIV _bENGGEN _cAugust2015 _cDecember2015 |
||
| 942 |
_2ddc _k625.7 GOE |
||
| 999 |
_c20631 _d20603 |
||